A poetry book for children / (Record no. 3505)

MARC details
000 -LEADER
fixed length control field 00956cam a2200301Mi 4500
001 - CONTROL NUMBER
control field ocn871310187
003 - CONTROL NUMBER IDENTIFIER
control field OCoLC
005 - DATE AND TIME OF LATEST TRANSACTION
control field 20170829114353.0
008 - FIXED-LENGTH DATA ELEMENTS--GENERAL INFORMATION
fixed length control field 140304s2011 xx 001 0 eng d
016 7# - NATIONAL BIBLIOGRAPHIC AGENCY CONTROL NUMBER
Record control number 015964454
Source Uk
020 ## - INTERNATIONAL STANDARD BOOK NUMBER
International Standard Book Number 9781107661479
Qualifying information (pbk.)
020 ## - INTERNATIONAL STANDARD BOOK NUMBER
International Standard Book Number 1107661471
Qualifying information (pbk.)
035 ## - SYSTEM CONTROL NUMBER
System control number (OCoLC)871310187
Canceled/invalid control number (OCoLC)758397297
040 ## - CATALOGING SOURCE
Original cataloging agency AUAMR
Language of cataloging eng
Transcribing agency AUAMR
Modifying agency BTCTA
-- UKMGB
-- TEF
-- OCLCF
-- OCLCO
-- OCL
-- OCLCQ
049 ## - LOCAL HOLDINGS (OCLC)
Holding library TZAA
050 #4 - LIBRARY OF CONGRESS CALL NUMBER
Classification number PN6110.C4
Item number B22 2012
100 1# - MAIN ENTRY--PERSONAL NAME
Personal name Bain, A. Watson
Fuller form of name (Archibald Watson)
245 12 - TITLE STATEMENT
Title A poetry book for children /
Statement of responsibility, etc compiled by A. Watson Bain.
250 ## - EDITION STATEMENT
Edition statement 1st pbk. ed.
260 ## - PUBLICATION, DISTRIBUTION, ETC. (IMPRINT)
Place of publication, distribution, etc Cambridge [U.K.] :
Name of publisher, distributor, etc Cambridge University Press,
Date of publication, distribution, etc 2011.
300 ## - PHYSICAL DESCRIPTION
Extent xiv, 103 pages ;
Dimensions 21 cm
500 ## - GENERAL NOTE
General note Includes index.
500 ## - GENERAL NOTE
General note Originally published : 1927.
600 ## - SUBJECT ADDED ENTRY--PERSONAL NAME
Source of heading or term on order
650 #0 - SUBJECT ADDED ENTRY--TOPICAL TERM
Topical term or geographic name as entry element Children's poetry, English.
650 #7 - SUBJECT ADDED ENTRY--TOPICAL TERM
Topical term or geographic name as entry element Children's poetry, English.
Source of heading or term fast
942 ## - ADDED ENTRY ELEMENTS (KOHA)
Source of classification or shelving scheme Library of Congress Classification
Koha item type Books
Holdings
Home library Current library Date acquired Full call number Koha item type
African Court on Human and Peoples' Rights Library African Court on Human and Peoples' Rights Library 29/08/2017 on order Books

African Court on Human and Peoples' Rights | For Inquiries Contact » +255 272 510 510